Bài tập và bài giải nghiệp vụ ngân hàng trung ương : Sử dụng kèm theo giáo trình ngân hàng trung ương

Nội dung sách đáp ứng được yêu cầu của một giáo trình cơ bản, đáp ứng được yều cầu học tập, nghiên cứu, tham khảo của người học thuộc các bậc đào tạo.

محفوظ في:
التفاصيل البيبلوغرافية
المؤلف الرئيسي: Nguyễn Đăng Dờn (Chủ biên)
مؤلفون آخرون: Nguyễn Quốc Anh, Nguyễn Ngọc Hà
التنسيق: كتاب
اللغة:Vietnamese
منشور في: H. Lao động 2012
الموضوعات:
الوسوم: إضافة وسم
لا توجد وسوم, كن أول من يضع وسما على هذه التسجيلة!
Thư viện lưu trữ: Thư viện Trường Đại học Nam Cần Thơ
LEADER 01220nam a22002177a 4500
001 NCT_4_012069
008 240907b xxu||||| |||| 00| 0 vie d
999 |c 8567  |d 8567 
020 |c 32000 
082 0 4 |2 23rd ed.  |a 332.11  |b D464 
100 1 |a Nguyễn Đăng Dờn  |e Chủ biên 
245 1 0 |a Bài tập và bài giải nghiệp vụ ngân hàng trung ương :  |b Sử dụng kèm theo giáo trình ngân hàng trung ương  |c Nguyễn Đăng Dờn (Chủ biên); Nguyễn Quốc Anh, Nguyễn Ngọc Hà 
260 |a H.  |b Lao động  |c 2012 
300 |a 122 tr.  |c 24cm 
520 3 |a Nội dung sách đáp ứng được yêu cầu của một giáo trình cơ bản, đáp ứng được yều cầu học tập, nghiên cứu, tham khảo của người học thuộc các bậc đào tạo. 
653 |a Tài chính Ngân hàng 
700 1 |a Nguyễn Quốc Anh 
700 1 |a Nguyễn Ngọc Hà 
942 |2 ddc  |c BK 
952 |0 0  |1 0  |2 ddc  |4 0  |6 332_110000000000000_D464  |7 0  |9 29300  |a 000001  |b 000001  |d 2024-09-07  |o 332.11 D464  |p MD.22648  |r 2024-09-07  |v 32000.00  |w 2024-09-07  |y BK 
980 |a Thư viện Trường Đại học Nam Cần Thơ